| 000 | 00419nam a2200169Ia 4500 | ||
|---|---|---|---|
| 008 | 240729s9999 xx 000 0 und d | ||
| 022 | _a2471-2531 | ||
| 245 | 0 | _aPAIN Reports | |
| 260 | _aUnited States | ||
| 260 | _bWolters Kluwer | ||
| 650 | _a Anesthesiology | ||
| 650 | _a Surgery | ||
| 650 | _aMedicine | ||
| 856 | _uhttps://doaj.org/toc/1a20e9bda7d8448d97e175709ed3a134 | ||
| 942 | _2ddc | ||
| 942 | _cDOAJEJ | ||
| 999 |
_c65546 _d65546 |
||
| 945 |
_a1 _bMadushi Gamage _c1 _dMadushi Gamage |
||